000 00387nam a2200145Ia 4500
008 100122s9999 xx 000 0 und d
082 _b53203
_a821
100 _aसावंत वसंत
245 _aउगवाई
260 _bपॉप्युलर प्रकाशन
_c1984
300 _a96
630 _aउगवाई
730 _aउगवाई
942 _cBOOK
999 _c430297
_d430294